Statistics for 郡内最多人口の町村 関西・中国編(1950/60)

Click here to take the quiz!

General Stats

  • This quiz has been taken 7 times
  • The average score is 71 of 333

Answer Stats

都道府県年代郡・支庁人口Answer備考% Correct
蒲生郡14593八幡1954年合併/市制
57%
宍粟郡27243山崎2005年合併/市制
57%
坂田郡7434米原2005年合併/市制
57%
栗太郡10874草津1954年合併/市制
57%
高島郡7392高島2005年合併/市制
57%
北牟婁郡15649長島2005年合併
57%
甲賀郡22837水口2004年合併/市制
57%
坂田郡13936米原2005年合併/市制
57%
5251長島1954年町制
57%
綴喜郡11348八幡1977年市制
57%
北牟婁郡19075尾鷲1954年合併/市制
57%
久世郡15081宇治1951年合併/市制
57%
愛知郡7159愛知川2006年合併
57%
20323津名2005年合併/市制
57%
員弁郡7588員弁2003年合併/市制
57%
宍粟郡8660山崎2005年合併/市制
57%
綴喜郡16322八幡1977年市制
57%
加西郡23294北条1967年合併/市制
43%
犬上郡6989多賀
43%
養父郡14551八鹿2004年合併/市制
43%
1960滋賀郡16084堅田1967年合併
43%
朝来郡17592和田山2005年合併/市制
43%
栗太郡16355瀬田1967年合併
43%
多可郡128942005年合併
43%
出石郡12557出石2005年合併
43%
城崎郡21685日高2005年合併
43%
神崎郡15323能登川2006年合併
43%
船井郡9374園部2006年合併/市制
43%
犬上郡10547多賀
43%
船井郡15601園部2006年合併/市制
43%
宇陀郡12934榛原2006年合併/市制
43%
与謝郡15300宮津1954年合併/市制
43%
揖保郡16920新宮2005年合併
43%
神崎郡16162能登川2006年合併
43%
相楽郡8356木津2007年合併/市制
43%
佐用郡12191作用
43%
加古郡18525稲美
43%
吉野郡18762吉野
43%
相楽郡10628木津2007年合併/市制
43%
鈴鹿郡81982005年合併
43%
揖保郡13947龍野1951年合併/市制
43%
鈴鹿郡15787亀山1954年合併/市制
43%
加西郡8641北条1967年合併/市制
43%
一志郡14775久居1970年市制
43%
赤穂郡28313赤穂1951年合併/市制
43%
佐用郡4949作用
43%
明石郡24713大久保1951年合併
43%
城崎郡8653日高2005年合併
43%
名賀郡13933名張1954年合併/市制
43%
志摩郡11117鳥羽1954年合併/市制
43%
1960桑名郡10610多度2004年合併
43%
出石郡5398出石2005年合併
43%
養父郡8260八鹿2004年合併/市制
43%
15793田辺1997年市制
43%
中河内郡23220柏原1958年市制
43%
1960海草郡18540下津2005年合併
43%
10509瀬田1967年合併
43%
一志郡28848久居1970年市制
43%
氷上郡6494和田1957年合併
43%
6402柏原2004年合併/市制
43%
豊能郡10467能勢
43%
滋賀県1950滋賀郡7646堅田1967年合併
43%
志摩郡18142志摩2004年合併/市制
43%
飾磨郡13649夢前2006年合併
29%
1960川辺郡7178猪名川
29%
加東郡179662006年合併/市制
29%
津名郡9783岩屋1956年合併
29%
9168由良1955年合併
29%
神崎郡16312福崎
29%
多紀郡7760篠山1999年合併/市制
29%
8478香住2005年合併
29%
朝来郡9489生野2005年合併/市制
29%
三原郡10044福良1955年合併
29%
美方郡7501浜坂2005年合併
29%
芦品郡14178府中1954年合併/市制
29%
美方郡15643浜坂2005年合併
29%
東伯郡14294東伯2004年合併
29%
気高郡4938青谷2004年合併
29%
東伯郡20568倉吉1953年合併/市制
29%
日野郡4545溝口2005年合併
29%
1960岩美郡19350岩美
29%
八頭郡14390智頭
29%
気高郡11528青谷2004年合併
29%
日野郡15286日南
29%
東牟婁郡25775那智勝浦
29%
都濃郡13191富田1953年合併
29%
6679牛窓2004年合併/市制
29%
上道郡14653西大寺1953年合併/市制
29%
1960御津郡13229御津2005年合併
29%
邑久郡20150邑久2004年合併/市制
29%
真庭郡21375落合2005年合併/市制
29%
八頭郡13145智頭
29%
西牟婁郡22000串本
29%
氷上郡20802氷上2004年合併/市制
29%
那賀郡8311粉河2005年合併/市制
29%
多紀郡16828篠山1999年合併/市制
29%
磯城郡16659桜井1956年合併/市制
29%
北葛城郡8633王寺
29%
南葛城郡8774御所1958年合併/市制
29%
生駒郡23138生駒1971年市制
29%
飾磨郡9318家島2006年合併
29%
伊都郡9460橋本1955年合併/市制
29%
日高郡12655印南
29%
有田郡17733箕島1954年合併
29%
日高郡16074御坊1954年合併/市制
29%
西牟婁郡9259串本
29%
東牟婁郡5821那智1955年合併
29%
5519勝浦1955年合併
29%
那賀郡19228粉河2005年合併/市制
29%
神崎郡7394福崎
29%
赤穂郡17798上郡
29%
南牟婁郡6657有井1954年合併/市制
29%
東浅井郡12679浅井2006年合併
29%
加佐郡10326大江2006年合併
29%
天田郡8394夜久野2006年合併
29%
10035美山2006年合併/市制
29%
北桑田郡10194京北2005年合併
29%
久世郡14690城陽1972年市制
29%
1960乙訓郡15050長岡1972年市制
29%
竹野郡18000網野2004年合併/市制
29%
中郡5324峰山2004年合併/市制
29%
京都府1950乙訓郡10614長岡1972年市制
29%
高島郡12555安曇川2004年合併/市制
29%
伊香郡12290木之本2010年合併
29%
蒲生郡22992日野
29%
中郡15146峰山2004年合併/市制
29%
野洲郡29207守山1970年市制
29%
伊香郡6367木之本2010年合併
29%
東浅井郡6529虎姫2010年合併
29%
甲賀郡12026甲南2004年合併/市制
29%
野洲郡8985守山1970年市制
29%
南牟婁郡12965御浜
29%
阿山郡10775伊賀2004年合併
29%
多気郡17390明和
29%
9701芸濃2006年合併
29%
安濃郡10341河芸2006年合併
29%
三重郡20217菰野
29%
印南郡8703伊保1954年合併/市制
29%
与謝郡12138野田川2006年合併
29%
南桑田郡9736亀岡1955年合併/市制
29%
三重郡99932005年合併
29%
泉北郡20814高石1966年市制
29%
美嚢郡14764三木1954年合併/市制
29%
加古郡17656高砂1954年合併/市制
29%
南河内郡16603長野1954年合併/市制
29%
川辺郡24146川西1954年合併/市制
29%
7981三田1956年合併/市制
29%
1960三島郡24390三島1966年市制
29%
加東郡10326小野1954年合併/市制
29%
泉北郡34104高石1966年市制
29%
泉南郡32075泉南1970年市制
29%
8160島本
29%
8487富田1956年合併
29%
大阪府1950三島郡8531山田1955年合併
29%
熊野郡16915久美浜2004年合併/市制
29%
竹野郡18759網野2004年合併/市制
29%
多可郡15066西脇1952年合併/市制
29%
小田郡18897笠岡1952年合併/市制
14%
沼隈郡10903沼隈2005年合併
14%
神石郡4909油木2004年合併
14%
浅口郡29160玉島1952年市制
14%
都窪郡9695妹尾1971年合併
14%
深安郡24249神辺2006年合併
14%
多気郡5399三瀬谷1953年町制
14%
吉備郡10310総社1954年合併/市制
14%
和気郡8410日生2005年合併
14%
美祢郡10668秋芳2008年合併
14%
神石郡8939三和2004年合併
14%
甲奴郡10098上下2004年合併
14%
比婆郡20017東城2005年合併
14%
隠岐支庁15865西郷2004年合併
14%
鹿足郡12001津和野
14%
6779美都2004年合併
14%
玖珂郡20136柳井1954年合併/市制
14%
10468石見2004年合併
14%
邇摩郡10020温泉津2005年合併
14%
度会郡8739小俣2005年合併
14%
飯石郡11234三刀屋2004年合併/市制
14%
大原郡20513大東2004年合併/市制
14%
吉敷郡13127小郡2005年合併
14%
上房郡12577高梁1954年合併/市制
14%
佐伯郡14448大竹1954年合併/市制
14%
賀茂郡16401安芸津1956年郡変更
14%
河芸郡6006一身田1954年合併
14%
苫田郡14238鏡野
14%
1960安芸郡19185江田島2004年合併/市制
14%
9206庄原1954年合併/市制
14%
安佐郡17628可部1972年合併
14%
吉備郡13414真備2005年合併
14%
山県郡13458千代田2005年合併
14%
小田郡18952矢掛
14%
浅口郡16190鴨方2006年合併/市制
14%
都窪郡9756妹尾1971年合併
14%
高田郡12708吉田2004年合併/市制
14%
賀茂郡21952西条1974年合併/市制
14%
上道郡6934上道1971年合併
14%
1960八束郡10351宍道2005年合併
14%
46631954年合併/町制
14%
豊田郡14723安芸津2005年合併
14%
赤磐郡11445瀬戸2007年合併
14%
世羅郡12781世羅
14%
勝田郡4770勝間田1954年合併
14%
比婆郡9357西城2005年合併
14%
苫田郡8491加茂2005年合併
14%
8846勝山2005年合併/市制
14%
真庭郡9006久世2005年合併/市制
14%
21043江田島2004年合併/市制
14%
阿哲郡7596新見1954年合併/市制
14%
川上郡6895成羽2004年合併
14%
川上郡10770成羽2004年合併
14%
甲奴郡4107上下2004年合併
14%
厚狭郡18348厚狭1956年合併
14%
厚狭郡27306山陽2005年合併
14%
美祢郡14400大嶺1954年合併/市制
14%
三原郡25930南淡2005年合併/市制
14%
愛知郡12067稲枝1968年合併
14%
15009香芝1991年市制
14%
高市郡9819高取
14%
宇治郡11563東宇治1951年合併/市制
14%
玖珂郡18084周東2006年合併
14%
吉野郡13932大淀
14%
宇智郡12796五條1957年合併/市制
14%
天田郡4014下夜久野1956年合併/町制
14%
3680上夜久野1959年合併
14%
山辺郡19046丹波市1954年合併/市制
14%
奈良県1950添上郡6412櫟本1954年合併/市制
14%
何鹿郡5787豊里1955年合併
14%
有田郡17094湯浅
14%
津名郡20327淡路2005年合併/市制
14%
深安郡6829神辺2006年合併
14%
15543市川
14%
印南郡12776志方1979年合併
14%
豊能郡21433箕面1956年合併/市制
14%
美嚢郡8798吉川2005年合併
14%
泉南郡9463熊取
14%
北河内郡30077寝屋川1951年市制
14%
吉敷郡15369小郡2005年合併
14%
南河内郡26509美陵1966年市制
14%
北河内郡34228門真1963年市制
14%
兵庫県1950武庫郡33812鳴尾1951年合併
14%
伊都郡24810かつらぎ
14%
磯城郡19769田原本
14%
17693阿児2004年合併/市制
14%
島根県1950八束郡6408宍道2005年合併
14%
隠岐支庁7315西郷2004年合併
14%
美濃郡22059益田1952年合併/市制
14%
那賀郡12236江津1954年合併/市制
14%
邑智郡4872川本
14%
邇摩郡4301温泉津2005年合併
14%
安濃郡7584大田1954年合併/市制
14%
簸川郡10737大社2005年合併
14%
飯石郡6067三刀屋2004年合併/市制
14%
大原郡8101加茂2004年合併/市制
14%
名賀郡8609青山2004年合併
14%
能義郡10003安来1954年合併/市制
14%
仁多郡4623横田1957年合併
14%
飯南郡11717飯高2005年合併
14%
阿山郡5007柘植1959年合併
14%
西伯郡9972名和2005年合併
14%
員弁郡12133北勢2003年合併/市制
14%
西伯郡86041954年合併
14%
度会郡16809南勢2005年合併
14%
熊毛郡15609田布施
0%
豊浦郡25668豊北2005年合併
0%
4677豊松2004年合併
0%
阿武郡6784徳佐1955年合併/町制
0%
大津郡13037深川1954年合併/市制
0%
佐波郡8162右田1951年合併
0%
双三郡11181十日市1954年合併/市制
0%
1960大島郡14629大島2004年合併
0%
豊浦郡6833豊田前1953年町制
0%
18413音戸2005年合併
0%
熊毛郡10099上関1958年合併/町制
0%
都濃郡27363南陽1970年市制
0%
芦品郡20911新市2003年合併
0%
佐伯郡23629五日市1985年合併
0%
山口県1950大島郡10310安下庄1955年合併
0%
御調郡17045向島2005年合併
0%
大津郡15883油谷2005年合併
0%
佐波郡16770徳地2005年合併
0%
双三郡9213吉舎2004年合併
0%
14367東和2004年合併
0%
三重県1950桑名郡5368深谷1955年合併
0%
沼隈郡180131956年合併
0%
鳥取県1950岩美郡6289宇倍野1957年合併/町制
0%
那賀郡14411三隅2005年合併
0%
邑智郡10959邑智2004年合併
0%
簸川郡24207斐川1965年町制
0%
仁多郡14032仁多2005年合併
0%
能義郡11508広瀬2004年合併
0%
10065鹿島2005年合併
0%
10212美保関2005年合併
0%
6986海士1969年町制
0%
鹿足郡7087日原2005年合併
0%
和歌山県1950海草郡6684安原1956年合併
0%
岡山1950御津郡4323津賀1955年合併/町制
0%
北葛城郡15598広陵
0%
1960山辺郡6807山添
0%
高市郡11290畝傍1956年合併/市制
0%
宇陀郡12347大宇陀2006年合併/市制
0%
生駒郡24262郡山1954年市制
0%
6411幸世1955年合併
0%
8419米田1956年合併
0%
有馬郡8036三輪1956年合併/市制
0%
5228荻原1956年合併
0%
飯南郡7059花岡1954年合併
0%
美濃郡7186匹見2004年合併
0%
4253円城1955年合併/町制
0%
世羅郡5601神田1955年合併/町制
0%
阿哲郡7104哲多2005年合併
0%
13488土生1953年合併/市制
0%
御調郡13571向島2005年合併
0%
豊田郡10707瀬戸田2006年合併
0%
高田郡7166向原2004年合併/市制
0%
山県郡6844戸河内2004年合併
0%
安佐郡12841祇園1972年合併
0%
広島県1950安芸郡21418音戸2005年合併
0%
久米郡15132柵原2005年合併
0%
英田郡16619美作2005年合併/市制
0%
勝田郡12591勝央
0%
上房郡13027賀陽2004年合併
0%
赤磐郡5005高陽1953年合併/町制
0%
後月郡11574芳井2005年合併
0%
7650興除1971年合併
0%
児島郡7939灘崎2005年合併
0%
和気郡27175備前1971年合併/市制
0%
久米郡7313吉岡1955年合併/町制
0%
英田郡5501江見1953年合併
0%
後月郡13200井原1953年合併/市制
0%
20310琴浦1956年合併
0%
児島郡20897福田1953年合併
0%
邑久郡6736裳掛1958年合併
0%
阿武郡18812阿東2010年合併
0%

Score Distribution

Percentile by Number Answered

Percent of People with Each Score

Your Score History

You have not taken this quiz